Histoire de la seconde république francaise
Guardat en:
| Autor principal: | |
|---|---|
| Format: | Llibre |
| Idioma: | francès |
| Publicat: |
París
Plon-Nourrit
1925
|
| Edició: | 9a. ed |
| Matèries: | |
| Etiquetes: |
Afegir etiqueta
Sense etiquetes, Sigues el primer a etiquetar aquest registre!
|
MARC
| LEADER | 00000nam a2200000 a 4500 | ||
|---|---|---|---|
| 001 | UCJ8788 | ||
| 003 | CL-VaPUC | ||
| 008 | 070124e19250000FR |||||||||||||||||fre|d | ||
| 082 | 0 | 4 | |a 944.07 |b LAG |2 21 |
| 100 | |a La Gorce, Pierre de |e author |9 518053 | ||
| 245 | 1 | 0 | |a Histoire de la seconde république francaise |
| 250 | |a 9a. ed | ||
| 300 | |a v | ||
| 942 | |c BK | ||
| 945 | |d 20070124 00:00:00 |a fvergara | ||
| 260 | |a París |b Plon-Nourrit |c 1925 | ||
| 650 | 7 | |a HISTORIA DE FRANCIA 1848-1870 |2 CL-VaPUC |9 518046 | |
| 650 | 7 | |a SEGUNDA REPUBLICA |2 CL-VaPUC |9 381100 | |
| 651 | 0 | |a Francia |9 255157 | |
| 583 | |a last modification |c 20120830 10:38:23 |k Rodrigo Vera | ||
| 999 | |c 324440 |d 324438 | ||
| 952 | |0 0 |1 0 |4 0 |6 944_070000000000000_LAG_1925 |7 0 |8 X |9 404623 |a FDOBUD |b FDOBUD |d 2019-11-22 |h v.1 |i 121098K |o 944.07 LAG 1925 |p 121098K |r 2019-11-22 |w 2019-11-22 |y BK_X |k BUD | ||
| 952 | |0 0 |1 0 |4 0 |6 944_070000000000000_LAG_1925 |7 0 |8 X |9 404624 |a FDOBUD |b FDOBUD |d 2019-11-22 |h v.2 |i 1210998 |o 944.07 LAG 1925 |p 1210998 |r 2019-11-22 |w 2019-11-22 |y BK_X |k BUD | ||